| 000 | 00479cam a2200169 a 4500 | ||
|---|---|---|---|
| 020 | _a0470835184 | ||
| 040 | _cNLC | ||
| 082 | 0 | _a364 ADB 2005 C337 Or. | |
| 100 | 1 | _aNicaso, Antonio | |
| 245 | 1 | 0 | _aMyanmar : National environmental performance assessment(EPR)report. |
| 260 |
_aMississauga, Ont. : _bJohn Wiley & Sons Canada, _cc2005 |
||
| 300 |
_ax, 292 p. ; _c24 cm |
||
| 650 | 0 | _aOrganized crime | |
| 650 | 0 | _aTransnational crime | |
| 700 | 1 | _aLamothe, Lee, | |
| 942 | _cREC | ||
| 999 |
_c19288 _d19288 |
||